El lado oscuro: ensayos sobre violencia /
El documento presenta una compilación de ensayos acerca del tema de la violencia y su naturaleza y como se percibe en el día a día de las personas como algo natural, así como las repercusiones de la violencia de género, la violencia social y como cierre se presenta una historia de ignominia.
Kaydedildi:
| Yazar: | |
|---|---|
| Diğer Yazarlar: | |
| Materyal Türü: | Metin |
| Dil: | Spanish |
| Baskı/Yayın Bilgisi: |
San José:
Uruk
2007
|
| Konular: | |
| Etiketler: |
Etiketle
Etiket eklenmemiş, İlk siz ekleyin!
|
MARC
| LEADER | 00000 a a2200000 04500 | ||
|---|---|---|---|
| 001 | 36844 | ||
| 003 | cru CIDCACS/IIS | ||
| 005 | 20230522081647.0 | ||
| 008 | 230522e2007 -us||||| |||| 00| 0 spa d | ||
| 020 | |a 978-9977-952-33-8 | ||
| 040 | |c CRAI/IIS | ||
| 090 | |a 02.04.02 R823l | ||
| 100 | |a Rossi, Anacristina | ||
| 245 | |a El lado oscuro: ensayos sobre violencia / |c Anacristina Rossi | ||
| 260 | |a San José: |b Uruk |c 2007 | ||
| 300 | |a 182 páginas | ||
| 520 | |a El documento presenta una compilación de ensayos acerca del tema de la violencia y su naturaleza y como se percibe en el día a día de las personas como algo natural, así como las repercusiones de la violencia de género, la violencia social y como cierre se presenta una historia de ignominia. | ||
| 650 | |a VIOLENCIA INTRAFAMILIAR | ||
| 650 | |a ROL MASCULINO | ||
| 650 | |a GENERO | ||
| 650 | |a COSTA RICA | ||
| 700 | |a ed. |a Garita, Nora |a ed. | ||
| 942 | |2 ddc |c LI |h 02.04.02 R823l |i 04252 |6 020402_R823L_04252 | ||
| 999 | |c 12074 |d 12074 | ||



